Lịch sử mĩ thuật thế giới
Khái quát về lịch sử mĩ thuật thế giới. Mĩ thuật cổ đại và phục hưng. Mĩ thuật châu Âu thế kỷ XVII đến thế kỷ XX và nghệ thuật châu Á
Αποθηκεύτηκε σε:
| Κύριος συγγραφέας: | |
|---|---|
| Μορφή: | Βιβλίο |
| Γλώσσα: | Vietnamese |
| Έκδοση: |
H.
Đại học Sư phạm
2015
|
| Έκδοση: | In lần thứ 6 |
| Θέματα: | |
| Ετικέτες: |
Προσθήκη ετικέτας
Δεν υπάρχουν, Καταχωρήστε ετικέτα πρώτοι!
|
| Thư viện lưu trữ: | Mạng thư viện Đại học Đà Nẵng |
|---|
| LEADER | 01441nam a2200361 4500 | ||
|---|---|---|---|
| 001 | 000024290 | ||
| 003 | 20776 | ||
| 005 | 20161110081124.0 | ||
| 008 | 161107s2015 viesd | ||
| 020 | |c 128000đ | ||
| 041 | 0 | |a vie | |
| 082 | 1 | 4 | |a 700.003 |b PH-C |
| 100 | 1 | |a Phạm Thị Chỉnh | |
| 245 | 1 | 0 | |a Lịch sử mĩ thuật thế giới |c Phạm Thị Chỉnh |
| 246 | |a Lịch sử mỹ thuật thế giới | ||
| 250 | |a In lần thứ 6 | ||
| 260 | |a H. |b Đại học Sư phạm |c 2015 | ||
| 300 | |a 212 tr. |b minh họa |c 24 cm. | ||
| 500 | |a Đầu bìa sách ghi: Bộ Giáo dục và Đào tạo. Dự án Đào tạo Giáo viên THCS | ||
| 504 | |a Thư mục: tr. 213 | ||
| 520 | 3 | |a Khái quát về lịch sử mĩ thuật thế giới. Mĩ thuật cổ đại và phục hưng. Mĩ thuật châu Âu thế kỷ XVII đến thế kỷ XX và nghệ thuật châu Á | |
| 650 | 0 | 4 | |a Mỹ thuật |x Lịch sử |z Thế giới |
| 653 | |a Lịch sử mĩ thuật | ||
| OWN | |a LSP | ||
| AVA | |a UDN50 |b LSP |d 700.003 PH-C |e available |t Error 5001 Not defined in file expand_doc_bib_avail. |f 5 |g 0 |h N |i 2 |k 1 | ||
| 999 | |a From the UDN01 | ||
| AVA | |a UDN50 |b LSP |d 700.003 PH-C |e available |t Error 5001 Not defined in file expand_doc_bib_avail. |f 5 |g 0 |h N |i 2 |k 1 | ||
| TYP | |a Monograph | ||
| TYP | |a Printed language | ||
| 980 | |a Mạng thư viện Đại học Đà Nẵng | ||